Khảo sát tình hình nhiễm giun sán trên cá lóc (Channa Striata) tại tỉnh Kiên Giang : Luận văn tốt nghiệp Cao học. Chuyên ngành Thú y
Mục đích nghiên cứu nhằm xác định tình hình nhiễm các loài giun sán ký sinh trên cá lóc và đề ra biện pháp tẩy trừ giun sán ký sinh trên cá lóc
Spremljeno u:
| Glavni autor: | |
|---|---|
| Format: | Knjiga |
| Jezik: | Undetermined |
| Izdano: |
Cần Thơ
Trường Đại học Cần Thơ
2016
|
| Teme: | |
| Oznake: |
Dodaj oznaku
Bez oznaka, Budi prvi tko označuje ovaj zapis!
|
| Thư viện lưu trữ: | Trung tâm Học liệu Trường Đại học Cần Thơ |
|---|
| LEADER | 01061nam a2200229Ia 4500 | ||
|---|---|---|---|
| 001 | CTU_216824 | ||
| 008 | 210402s9999 xx 000 0 und d | ||
| 082 | |a 639.31 | ||
| 082 | |b Ch309 | ||
| 088 | |a 60640101 | ||
| 100 | |a Lý, Đình Chiêu | ||
| 245 | 0 | |a Khảo sát tình hình nhiễm giun sán trên cá lóc (Channa Striata) tại tỉnh Kiên Giang : | |
| 245 | 0 | |b Luận văn tốt nghiệp Cao học. Chuyên ngành Thú y | |
| 245 | 0 | |c Lý Đình Chiêu ; Nguyễn Hữu Hưng (Người hướng dẫn) | |
| 260 | |a Cần Thơ | ||
| 260 | |b Trường Đại học Cần Thơ | ||
| 260 | |c 2016 | ||
| 520 | |a Mục đích nghiên cứu nhằm xác định tình hình nhiễm các loài giun sán ký sinh trên cá lóc và đề ra biện pháp tẩy trừ giun sán ký sinh trên cá lóc | ||
| 650 | |a Cá nước ngọt,Freshwater fishes | ||
| 650 | |x Bệnh,Diseases | ||
| 904 | |i Hiền | ||
| 980 | |a Trung tâm Học liệu Trường Đại học Cần Thơ | ||